Optical metamaterials : (Record no. 18862)

MARC details
000 -LEADER
fixed length control field 00886cam a2200265 a 4500
001 - CONTROL NUMBER
control field 15902921
005 - DATE AND TIME OF LATEST TRANSACTION
control field 20150113113441.0
008 - FIXED-LENGTH DATA ELEMENTS--GENERAL INFORMATION
fixed length control field 090911t2010 xxua frb 001 0 eng d
010 ## - LIBRARY OF CONGRESS CONTROL NUMBER
LC control number 2009936791
020 ## - INTERNATIONAL STANDARD BOOK NUMBER
International Standard Book Number 9781441911506 (hardcover : alk. paper)
040 ## - CATALOGING SOURCE
Original cataloging agency DLC
Transcribing agency DLC
Modifying agency EG-ScBUE
082 00 - DEWEY DECIMAL CLASSIFICATION NUMBER
Edition number 22
Classification number 621.36
Item number CAI
100 1# - MAIN ENTRY--PERSONAL NAME
Personal name Cai, Wenshan
9 (RLIN) 37127
245 10 - TITLE STATEMENT
Title Optical metamaterials :
Remainder of title fundamentals and applications /
Statement of responsibility, etc Wenshan Cai, Vladimir Shalaev.
260 ## - PUBLICATION, DISTRIBUTION, ETC. (IMPRINT)
Place of publication, distribution, etc New York, United States :
Name of publisher, distributor, etc Springer,
Date of publication, distribution, etc c.2010.
300 ## - PHYSICAL DESCRIPTION
Extent xii, 200 p. :
Other physical details ill. (col.) ;
Dimensions 25 cm.
500 ## - GENERAL NOTE
General note Index : p. 197-200.
504 ## - BIBLIOGRAPHY, ETC. NOTE
Bibliography, etc Includes bibliographical references.
650 #0 - SUBJECT ADDED ENTRY--TOPICAL TERM
Topical term or geographic name as entry element Optical materials
9 (RLIN) 37128
650 #0 - SUBJECT ADDED ENTRY--TOPICAL TERM
Topical term or geographic name as entry element Metamaterials
9 (RLIN) 31680
653 ## - INDEX TERM--UNCONTROLLED
Resource For college Engineering, Chemical
Arrived date list January2015
655 ## - INDEX TERM--GENRE/FORM
Form subdivision
-- 34232
700 1# - ADDED ENTRY--PERSONAL NAME
Personal name Shalaev, Vladimir M.,
Dates associated with a name 1957-
9 (RLIN) 37130
942 ## - ADDED ENTRY ELEMENTS (KOHA)
Source of classification or shelving scheme Dewey Decimal Classification
Call number prefix 621.36 CAI
Holdings
Withdrawn status Item status Source of classification or shelving scheme Damaged status Not for loan Vendor Home library Current library Shelving location Date acquired Source of acquisition Cost, normal purchase price Serial Enumeration / chronology Total Checkouts Full call number Barcode Date last seen Cost, replacement price Koha item type
    Dewey Decimal Classification     Baccah Central Library Central Library First floor 13/01/2015   1134.00 21291   621.36 CAI 000037284 15/07/2025 1418.00 Book - Borrowing